| Registos Bibliográficos associados ao registo de autoridade |
|
Etiqueta de registo: 01468cam 02200409 04500 001 896955 003 http://id.bnportugal.gov.pt/bib/catbnp/896955 005 19990726173000.0 010 ## $a972-708-364-1 021 ## $aPT$b118534/97 095 ## $aPTBN01024163 100 ## $a19981118d1997 m y0pory0103 ba 101 1# $apor$ceng 102 ## $aPT 105 ## $ay z 001yy 106 ## $ar 200 1# $a A família em rede$eultrapassando a barreira digital entre gerações$fSeymour Papert$gtrad. Fernando José Silva Nunes, Fernando Augusto Bensabat Lacerda e Melo$gpref. Nicholas Negroponte$gintrod. João Pedro da Ponte 210 #9 $aLisboa$cRelógio d'Água,$dD.L. 1997 215 ## $a278, [6] p.$d21 cm 225 2# $a A sociedade digital 304 ## $aTít. orig.: The connected family 606 ## $2SIPOR$3799645 606 ## $2SIPOR$3799644 675 ## $a316.35$vBN$zpor$3540996 675 ## $a316.47$vBN$zpor$3574843 675 ## $a37-053.2$vBN$zpor$3433387 675 ## $a681.3$vBN$zpor$3289952 700 #1 $aPapert,$bSeymour$3369149 702 #1 $aMelo,$bFernando Augusto Bensabat Lacerda e$4730$3816625 702 #1 $aNegroponte,$bNicholas$4080$3240722 702 #1 $aNunes,$bFernando José Silva$4730$3816626 702 #1 $aPonte,$bJoão Pedro da,$f1953-$4020$332576 801 #0 $aPT$bBN$gRPC 966 ## $c2$lBN$mFGMON$sS.C. 80796 V.$x1 966 ## $c2$lBN$mFGMON$sS.C. 80796 V.$x1
Etiqueta de registo: 00254nam 2200025 450 001 2287774 003 http://id.bnportugal.gov.pt/bib/catbnp/2287774 021 ## $aPT$b546170/25 100 ## $a20260612d2025 m y0pory01030103ba 101 0# $apor 102 ## $aPT 105 ## $aa z 000yy 106 ## $ar 200 1# $aFrassati$emodelo fascinante para a juventude de hoje$fAristónico Montero$gil. Felix Hernandez$gtrad. Mª Amália, Fernando Silva Nunes 210 #9 $a[S.l.$cs.n.]$dD.L. 2025$eFátima$gIndugráfica) 215 ## $a39, [1] p.$cil.$d21 cm 700 #1 $aMontero,$bAristónico$32000459 702 #1 $aHernandez,$bFelix$4440$32000460 702 #1 $91$aMaria Amália$4730$32000912 702 #1 $aNunes,$bFernando José Silva$4730$3816626 801 #0 $aPT$bBN$gRPC 966 ## $lBN$mFGMON$x1 966 ## $lBN$mFGMON$x1 971 ## $cabrito$d20260612
|
|
|